Prisoner camps of Nazi Germany - Statistics

General Stats
  • This quiz has been taken 2,350 times
  • The average score is 4 of 14
Answer Stats
Deaths Location Answer % Correct
1,1 million Poland Auschwitz-Birkenau
97%
32.000 Germany Dachau
66%
800.000 Poland Treblinka
51%
35.000 Germany Bergen-Belsen
46%
250.000 Poland Sobibor
33%
56.000 Germany Buchenwald
27%
360.000 Poland Majdanek
22%
200.000 Austria Mauthausen-Gusen
21%
22.000 Germany Sachsenhausen
18%
600.000 Poland Belzec
16%
320.000 Poland Chelmno
16%
32.000 Czechoslovakia Theresienstadt
16%
65.000 Poland Stutthof
8%
56.000 Germany Neuengamme
6%
No matching quizzes found
Score Distribution
Percent of People with Each Score
Percentile by Number Answered
Your Score History
You have not taken this quiz